Statistics for Estonia Multiple Choice

Click here to take the quiz!

General Stats

  • This quiz has been taken 7 times
  • The average score is 4 of 7

Answer Stats

QuestionAnswer% Correct
On which body of water does Estonia have a coastline on?Baltic Sea
100%
Estonia has 3 bordersFalse
86%
When did Estonia break away from the USSR?August 20, 1991
71%
What country is Estonia's best friend?Finland
57%
Modern nation that occupied Estonia in 1561Sweden
57%
How long is Estonia's coastline?3,800 km
29%
What military alliances is Estonia inJust NATO
14%

Score Distribution

Percentile by Number Answered

Percent of People with Each Score

Your Score History

You have not taken this quiz